LEADER 01813nam 2200541 450 001 9910789023103321 005 20210702191806.0 010 $a1-4214-1319-1 035 $a(CKB)3710000000088805 035 $a(EBL)3318792 035 $a(SSID)ssj0001133317 035 $a(PQKBManifestationID)11574214 035 $a(PQKBTitleCode)TC0001133317 035 $a(PQKBWorkID)11157805 035 $a(PQKB)10275397 035 $a(MiAaPQ)EBC3318792 035 $a(OCoLC)871173544 035 $a(MdBmJHUP)muse32569 035 $a(Au-PeEL)EBL3318792 035 $a(CaPaEBR)ebr10838533 035 $a(EXLCZ)993710000000088805 100 $a20140225h20142014 uy 0 101 0 $aeng 135 $aur|n|---||||| 181 $ctxt 182 $cc 183 $acr 200 10$aAging bones $ea short history of osteoporosis /$fGerald N. Grob 210 1$aBaltimore, Maryland :$cThe Johns Hopkins University Press,$d2014. 210 4$dİ2014 215 $a1 online resource (305 p.) 225 0$aJohns Hopkins biographies of disease 300 $aDescription based upon print version of record. 311 $a1-4214-1318-3 320 $aIncludes bibliographical references and index. 327 $aHistory and demography -- Origins of a diagnosis -- The transformation of osteoporosis -- Popularizing a diagnosis -- Internationalizing osteoporosis -- Therapeutic expansion -- Osteoporosis triumphant?. 410 0$aJohns Hopkins biographies of disease. 606 $aOsteoporosis$zUnited States$xHistory 615 0$aOsteoporosis$xHistory. 676 $a616.7/16 700 $aGrob$b Gerald N.$f1931-$0210740 801 0$bMiAaPQ 801 1$bMiAaPQ 801 2$bMiAaPQ 906 $aBOOK 912 $a9910789023103321 996 $aAging bones$93781050 997 $aUNINA LEADER 03223nam 22006375 450 001 9910635383503321 005 20251009095145.0 010 $z9789811948060 010 $z9811948062 010 $a9789811948077$b(electronic bk.) 010 $a9811948070$b(electronic bk.) 024 7 $a10.1007/978-981-19-4807-7 035 $a(MiAaPQ)EBC7157434 035 $a(Au-PeEL)EBL7157434 035 $a(CKB)25703668900041 035 $a(DE-He213)978-981-19-4807-7 035 $a(EXLCZ)9925703668900041 100 $a20221213d2022 u| 0 101 0 $aeng 135 $aurcz#---auuuu 181 $ctxt$2rdacontent 182 $cc$2rdamedia 183 $acr$2rdacarrier 200 14$aThe Audiovisual Chord $eEmbodied Listening in Film /$fby Martine Huvenne 205 $a1st ed. 2022. 210 1$aSingapore :$cSpringer Nature Singapore :$cImprint: Palgrave Macmillan,$d2022. 215 $a1 online resource (322 pages) 225 1 $aPalgrave Studies in Sound,$x2633-5883 311 08$aPrint version: Huvenne, Martine The Audiovisual Chord Singapore : Palgrave Macmillan US,c2022 9789811948060 327 $aIntroduction -- Part I -- ?The wind blows wherever it pleases. You hear its sound, but you cannot tell where it comes from or where it is going.? -- Audiovisual perception: the audiovisual contract, heautonomy of sound and image and filmic listening -- Phenomenology, an introductionv -- Part II -- A phenomenological approach to audiovisual experience in practice -- Thinking in movement, and different ways to create space in film sound -- The audiovisual chord, an invitation to the audience to interact -- Part III -- Embodied listening, felt sound and the audiovisual chord in film history -- The audiovisual chord in relation to film as an audiovisual composition -- The importance of embodied (panic) listening in film as an audiovisual composition -- A phenomenological approach to film sound and film at the basis of film-making -- Conclusion. 330 $aThis book is a phenomenological approach to film sound and film as a whole, bringing all sensory impressions together within the body as a sense of movement. This includes embodied listening, felt sound and the audiovisual chord as a dynamic knot of visual and auditory movements. From this perspective, auditory spaces in film can be used as a pivot between an inner and an external world. . 410 0$aPalgrave Studies in Sound,$x2633-5883 606 $aScience$xSocial aspects 606 $aMotion pictures 606 $aPhenomenology 606 $aScience and Technology Studies 606 $aSound Studies 606 $aFilm Theory 606 $aAudio-Visual Culture 606 $aPhenomenology 615 0$aScience$xSocial aspects. 615 0$aMotion pictures. 615 0$aPhenomenology. 615 14$aScience and Technology Studies. 615 24$aSound Studies. 615 24$aFilm Theory. 615 24$aAudio-Visual Culture. 615 24$aPhenomenology. 676 $a152.15 700 $aHuvenne$b Martine$01350638 801 0$bMiAaPQ 801 1$bMiAaPQ 801 2$bMiAaPQ 912 $a9910635383503321 996 $aThe audiovisual chord$93089267 997 $aUNINA